La protection légale des travailleurs (Record no. 180312)

MARC details
000 -LEADER
campo de control de longitud fija 01591nam a2200217 i 4500
001 - NÚMERO DE CONTROL
campo de control 180312
003 - IDENTIFICADOR DE NÚMERO DE CONTROL
campo de control ES-MaACL
005 - FECHA Y HORA DE LA ÚLTIMA TRANSACCIÓN
campo de control 20250809000519.0
008 - DATOS DE LONGITUD FIJA--INFORMACIÓN GENERAL
campo de control de longitud fija 120528s1907 fr |||| | fre d
245 03 - MENCIÓN DEL TÍTULO
Título La protection légale des travailleurs
Resto del título : discussions de la Section Nationale Française, de l'Association Internationale pour la Protection légale des Travailleurs : troisième série (1905-1906) /
Mención de responsabilidad, etc. Association Nationale Française pour la Protection des Travailleurs.
260 ## - PUBLICACIÓN, DISTRIBUCIÓN, ETC.
Lugar de publicación, distribución, etc. Paris :
Nombre del editor, distribuidor, etc. Félix Alcan,
Fecha de publicación, distribución, etc. 1907.
300 ## - DESCRIPCIÓN FÍSICA
Extensión 431 p. ;
Dimensiones 18 cm.
490 1# - MENCIÓN DE SERIE
Mención de serie Association nationale française pour la protection des travailleurs ;
Designación de volumen o secuencia 3ème série
505 8# - NOTA DE CONTENIDO CON FORMATO
Nota de contenido con formato Contiene: 8 textes formant la 3ème série des publications de l'Association: 1: Jules Louis Breton, L'interdiction de la céruse...; 2: Alexandre Millerand, La Conférence officielle de Berne...; 3: Georges Alfassa, Le contrôle de la durée du travail; 4: Édouard Dolléans, La protection légale des enfants... 1. La Loi anglaise; 5: Henri Moysset, Id., 2. La loi allemande; 6: auteurs div., Id. 3. La situation... en France; 7: Mme de La Ruelle, L'extension de la loi du 29 décembre 1900...; 8: Alexandre Millerand, La grève et l'organisation ouvrière
650 #7 - PUNTO DE ACCESO ADICIONAL DE MATERIA--TÉRMINO DE MATERIA
Término de materia o nombre geográfico como elemento de entrada Derecho laboral
Fuente del encabezamiento o término embne
9 (RLIN) 135885
650 04 - PUNTO DE ACCESO ADICIONAL DE MATERIA--TÉRMINO DE MATERIA
Término de materia o nombre geográfico como elemento de entrada Trabajadores.
9 (RLIN) 17577
710 2# - ENTRADA AGREGADA--NOMBRE DE ENTIDAD CORPORATIVA
Nombre de entidad corporativa o nombre de jurisdicción como elemento de entrada Association Nationale Française pour la Protection Légale des Travailleurs.
9 (RLIN) 150138
830 0# - PUNTO DE ACCESO ADICIONAL DE SERIE-TÍTULO UNIFORME
Título uniforme Association nationale française pour la protection des travailleurs ;
Designación de volumen o secuencia 3ème série
9 (RLIN) 224637
852 ## - LOCALIZACIÓN
Ubicación ES-MaACL
Número de control de estantería D-1269
Holdings
Estatus retirado Estado de pérdida Estado de daño No para préstamo Biblioteca de origen Biblioteca actual Ubicación en estantería Fecha de adquisición Fuente de adquisición Total de préstamos Signatura topográfica completa Código de barras Visto por última vez Precio de reemplazo Tipo de ítem Koha
        Biblioteca del Ateneo de Madrid Biblioteca del Ateneo de Madrid Sala Valle Inclán 28/05/2012     D-1269 901189467 23/02/2023 23/02/2023 Libro impreso